000 01002nam a2200217Ia 4500
008 0000002004 sz ad 0000000000mul00
090 _aPUS00 B73b
245 1 0 _aBrice Marden
_c/ edited by Eva Keller, Regula Malin
300 _a134 p.
_c/ 28 cm.
500 _aIncluye datos biográficos del artista \ Texto bilingue : español alemán \ Proyecto Ganador Programa Apoyos Concertados FGAA 2010
501 _aBrice Marden bei Daros = Brice Marden at Daros : I think of myself as a romantic artist / Eva Keller Ein Interview mit Brice Marden = An interview with Brice Marden / John Yan
600 0 0 _aMARDEN, BRICE, 1938/
_xTRABAJOS PICTORICOS
650 1 4 _aARTE CONTEMPORANEO ESTADOUNIDENSE
650 1 4 _aARTISTAS PLASTICOS ESTADOUNIDENSES
650 1 4 _xCATALOGOS
650 1 4 _aPINTORES ESTADOUNIDENSES
650 1 4 _aPINTURA AL OLEO
650 1 4 _aPINTURA ESTADOUNIDENSE
700 1 _aKeller, Eva \ Malin, Regula \ Yan, John
999 _c11566
_d11566
260 _aZurich : Daros Services AG
_c2004